¿QUIEN TIENE MÁS OYENTES MENSUALES EN SPOTIFY? - Estadísticas

Estadísticas generales
  • Esta prueba ha sido intentada 99 veces
  • La puntuación promedio es 10 de 15
Estadísticas de respuestas
Pregunta Respuesta % Correcto
¿QUIEN TIENE MÁS OYENTES MENSUALES EN SPOTIFY? Bruno Mars
97%
¿QUIEN TIENE MÁS OYENTES MENSUALES EN SPOTIFY? Maroon 5
92%
¿QUIEN TIENE MÁS OYENTES MENSUALES EN SPOTIFY? Aerosmith
89%
¿QUIEN TIENE MÁS OYENTES MENSUALES EN SPOTIFY? Marshmello
89%
¿QUIEN TIENE MÁS OYENTES MENSUALES EN SPOTIFY? Bruce Sprinsteen
86%
¿QUIEN TIENE MÁS OYENTES MENSUALES EN SPOTIFY? Ricky Martin
81%
¿QUIEN TIENE MÁS OYENTES MENSUALES EN SPOTIFY? Sean Paul
75%
¿QUIEN TIENE MÁS OYENTES MENSUALES EN SPOTIFY? Twenty One Pilots
69%
¿QUIEN TIENE MÁS OYENTES MENSUALES EN SPOTIFY? Camila Cabello
64%
¿QUIEN TIENE MÁS OYENTES MENSUALES EN SPOTIFY? Panic! At the disco
56%
¿QUIEN TIENE MÁS OYENTES MENSUALES EN SPOTIFY? James Blunt
53%
¿QUIEN TIENE MÁS OYENTES MENSUALES EN SPOTIFY? Blur
50%
¿QUIEN TIENE MÁS OYENTES MENSUALES EN SPOTIFY? Eminem
39%
¿QUIEN TIENE MÁS OYENTES MENSUALES EN SPOTIFY? Kelly Clakson
31%
¿QUIEN TIENE MÁS OYENTES MENSUALES EN SPOTIFY? The Pussycat dolls
0%
No se encontraron pruebas coincidentes
Distribución de puntuación
Porcentaje de gente con cada puntuación
Porcentaje por número respondido
Historial de tus puntuaciones
No has intentado esta prueba.